Literature - British | 0 | 3 | 0 | 0 | 30 | 121 | 135.33 | 0 | 0 |
History - European | 0 | 2 | 0 | 0 | 20 | 120 | 121.00 | 0 | 0 |
Literature - American | 0 | 2 | 0 | 0 | 20 | 80 | 93.00 | 0 | 0 |
Fine Arts - Miscellaneous | 0 | 2 | 0 | 0 | 20 | 116 | 126.00 | 0 | 0 |
Geography - United States | 1 | 0 | 0 | 0 | 15 | 58 | 58.00 | 0 | 0 |
Social Science - Psychology | 0 | 1 | 0 | 0 | 10 | 69 | 69.00 | 0 | 0 |
Fine Arts - Music | 0 | 1 | 0 | 0 | 10 | 116 | 116.00 | 0 | 0 |
Fine Arts - Painting | 0 | 1 | 0 | 0 | 10 | 106 | 106.00 | 0 | 0 |
RMP - Islam | 0 | 1 | 0 | 0 | 10 | 123 | 123.00 | 0 | 0 |
RMP - World Mythology | 0 | 1 | 0 | 0 | 10 | 123 | 123.00 | 0 | 0 |
Fine Arts - Jazz | 0 | 1 | 0 | 0 | 10 | 128 | 128.00 | 0 | 0 |
Science - Biology | 0 | 0 | 0 | 0 | 0 | | 0.00 | 0 | 0 |
Science - Physics | 0 | 0 | 0 | 0 | 0 | | 0.00 | 0 | 0 |
History - World | 0 | 0 | 0 | 0 | 0 | | 0.00 | 0 | 0 |
Fine Arts - Opera | 0 | 0 | 0 | 0 | 0 | | 0.00 | 0 | 0 |
RMP - Greco-Roman Mythology | 0 | 0 | 0 | 0 | 0 | | 0.00 | 0 | 0 |